Dalit studies / (Record no. 102252)

MARC details
000 -LEADER
fixed length control field 00987nam a22002417a 4500
005 - DATE AND TIME OF LATEST TRANSACTION
control field 20180227140412.0
010 ## - LCCN (DPL NO)
LC control number 1617EN ENG-117110
020 ## - INTERNATIONAL STANDARD BOOK NUMBER
International Standard Book Number 9788178244860
Terms of availability 895.00
035 ## - SYSTEM CONTROL NUMBER
System control number B-649908-919
035 ## - SYSTEM CONTROL NUMBER
System control number EN-100642
035 ## - SYSTEM CONTROL NUMBER
System control number B-664897
037 ## - SOURCE OF ACQUISITION
Stock number DPL
Source of stock number/acquisition Uppal
082 ## - DEWEY DECIMAL CLASSIFICATION NUMBER
Classification number 305.5688
245 ## - TITLE STATEMENT
Title Dalit studies /
Statement of responsibility, etc edited by S,Ramnarayan Rawat [and ] K.Satyanarayana
260 ## - PUBLICATION, DISTRIBUTION, ETC. (IMPRINT)
Place of publication, distribution, etc Ranikhet
Date of publication, distribution, etc 2015
Name of publisher, distributor, etc Parmanent Black
270 ## - ADDRESS
Address 'Himalayana',Mall Road,Ranikhet Cantt,
City Ranykhet,
Postal code 263645
300 ## - PHYSICAL DESCRIPTION
Extent 304p.
Other physical details 23cm(Hb)
700 ## - ADDED ENTRY--PERSONAL NAME
Personal name Rawat, Ramnarayan S.
700 ## - ADDED ENTRY--PERSONAL NAME
Personal name Satyanarayana, K.
942 ## - ADDED ENTRY ELEMENTS (KOHA)
Source of classification or shelving scheme Dewey Decimal Classification
Item type English Books
Classification part 305.5688
Call number suffix DAL
Holdings
Withdrawn status Lost status Not for loan Collection code Home library Current library Date acquired Source of acquisition Cost, normal purchase price Full call number Barcode Copy number Cost, replacement price Koha item type
      Non-fiction Ashok Vihar Ashok Vihar 27/02/2018 Uppal/14146/27.2.2017/EN/AV/473/15.2.2017/7.3.2017 895.00 305.5688 DAL B-664897 1 895.00 English Books
      Non-fiction Bagh Kadhe Khan Bagh Kadhe Khan 20/03/2017 BPPD/EN/2016-17/307/24.11.2016/13891/5.12.2016/2.1.2017 895.00 305.5688 DAL B-649918 1 895.00 English Books
    Not For Loan Non-fiction D.B.Act.Division Bawana 18/01/2017 DBAD/PUB 895.00 305.5688 DAL EN-100642 1 895.00 English Books
      Non-fiction Central Library Central Library 20/03/2017 BPPD/EN/2016-17/307/24.11.2016/13891/5.12.2016/2.1.2017 895.00 305.5688 DAL B-649908 1 895.00 English Books
      Non-fiction Janak Puri Janak Puri 20/03/2017 BPPD/EN/2016-17/307/24.11.2016/13891/5.12.2016/2.1.2017 895.00 305.5688 DAL B-649912 1 895.00 English Books
      Non-fiction Karol Bagh Karol Bagh 20/03/2017 BPPD/EN/2016-17/307/24.11.2016/13891/5.12.2016/2.1.2017 895.00 305.5688 DAL B-649916 1 895.00 English Books
      Non-fiction Kasturba Gandhi Marg Kasturba Gandhi Marg 20/03/2017 BPPD/EN/2016-17/307/24.11.2016/13891/5.12.2016/2.1.2017 895.00 305.5688 DAL B-649911 1 895.00 English Books
      Non-fiction New Police Line New Police Line 20/03/2017 BPPD/EN/2016-17/307/24.11.2016/13891/5.12.2016/2.1.2017 895.00 305.5688 DAL B-649909 1 895.00 English Books
      Non-fiction New Rohtak Road New Rohtak Road 20/03/2017 BPPD/EN/2016-17/307/24.11.2016/13891/5.12.2016/2.1.2017 895.00 305.5688 DAL B-649917 1 895.00 English Books
      Non-fiction Patel Nagar Patel Nagar 20/03/2017 BPPD/EN/2016-17/307/24.11.2016/13891/5.12.2016/2.1.2017 895.00 305.5688 DAL B-649910 1 895.00 English Books
      Non-fiction R.K.Puram-8 R.K.Puram-8 20/03/2017 BPPD/EN/2016-17/307/24.11.2016/13891/5.12.2016/2.1.2017 895.00 305.5688 DAL B-649914 1 895.00 English Books
      Non-fiction Sarojini Nagar Sarojini Nagar 20/03/2017 BPPD/EN/2016-17/307/24.11.2016/13891/5.12.2016/2.1.2017 895.00 305.5688 DAL B-649913 1 895.00 English Books
      Non-fiction Shahdara Branch Shahdara Branch 20/03/2017 BPPD/EN/2016-17/307/24.11.2016/13891/5.12.2016/2.1.2017 895.00 305.5688 DAL B-649919 1 895.00 English Books
      Non-fiction Vinoba Puri Vinoba Puri 20/03/2017 BPPD/EN/2016-17/307/24.11.2016/13891/5.12.2016/2.1.2017 895.00 305.5688 DAL B-649915 1 895.00 English Books

© Delhi Public Library
Hit Counter
free hit counter